000 00550nam a2200181 i 4500
001 84555
003 ES-MaACL
005 20250522203627.0
007 t|
008 041123s1969 sp ||||1| cat d
100 1 _aJeanson, Francis.
_966259
245 1 0 _aSartre i el problema de Deu /
_cFrancis Jeanson ; [versió, Ramón Folch i Camarasa].
260 _aBarcelona :
_bNova Terra,
_c[1969]
300 _a173 p. ;
_c19 cm.
700 1 _aFolch i Camarasa, Ramon,
_d1926-
_951450
852 _aES-MaACL
_jC-51468
_bR.70700
999 _c84555
_d84555